Tatranské kvety tatranské kvety : Kamzičník rakúsky : Borovica kosodrevinová : Šafrán Heuffelov : Sasanka narcisokvetá : Prvosienka najmenšia

Zobrazenie: 4 čiastkové pohľady

Bibliographic Details
Main Author: Bistika, Valter (Author, Photographer)
Other Authors: Staněk, Oldřich, 1914-2005 (Photographer)
Format: Postcard
Language:Slovak
PhysicalDescription:1 pohľadnica farebná 11 x 15 cm
Published: Bratislava Pravda [1986]
Subjects:

MARC

LEADER 00000nkm a2200000 a 4500
001 vtls010653437
003 SK-MaSNL
005 20260512123956.0
007 kp co
008 231206s1986 xo g kzslo
035 |a A5053A40-95AC-40DF-8087-EBC524F9CE4B 
035 |a urn:nbn:sk:snk-kmxwst 
035 |a urn:nbn:sk:snk-km004bfn 
040 |a SNK  |b slo  |c SNK  |e AACR2 
041 0 |a slo 
044 |a xo  |c SK 
080 |a 581.46  |2 2001 
080 |a (234.372.4)  |2 2001 
080 |a (084.121)  |2 2001 
100 1 |a Bistika, Valter  |4 aut  |4 pht  |9 5094 
245 1 0 |a Tatranské kvety  |h grafika  |b tatranské kvety : Kamzičník rakúsky : Borovica kosodrevinová : Šafrán Heuffelov : Sasanka narcisokvetá : Prvosienka najmenšia  |c foto: Valter Bistika, Oldřich Staněk 
260 |a Bratislava  |b Pravda  |c [1986] 
300 |a 1 pohľadnica  |b farebná  |c 11 x 15 cm 
520 8 |a Zobrazenie: 4 čiastkové pohľady 
650 0 7 |a kvety  |2 SNKPH  |9 29747 
651 7 |a Tatry (Poľsko a Slovensko : pohorie)  |2 SNKPH  |9 176859 
655 7 |a geografické pohľadnice  |2 SNKPH  |9 70522 
655 7 |a miestne pohľadnice  |2 SNKPH  |9 70510 
700 1 |a Staněk, Oldřich,  |d 1914-2005  |4 pht  |9 121989 
852 |a Slovenská národná knižnica 
958 |a GC 
958 |a GBN 
958 |a OND 
999 |c 845366  |d 847296 
952 |a SNK  |b SNK  |y PREZ  |7 0  |p 17A1122228  |o snkSP 152486  |i snk2015/4737  |8 3  |g 0.50  |0 0  |1 0  |4 0  |d 2015-02-10  |f 1  |l 0  |r 2026-02-24 04:24:47  |w 2026-02-24